000 00774cam a22001934a 4500
005 20250605164002.0
008 250528s ||||||||||||||||||||||||d
035 _a15689
020 _a847675378
040 _aGR-AtMCL
_bgre
_dGR-AtMCL
_eAACR2
245 1 _aThe Stability of the International Monetary System
260 _bRowman And Littlefield Education,
_c1987
300 _a170
520 _aList of Tables, Preface, Introduction, The Necessities of the System, A Little History, International Money, What Sort of Exchange Rates?, Theoretical Approaches to Adjustment, The Role and Mechanism of Capital Flows, Control of the International Monetary System, Conclusion, Index.
700 1 _aScammell W.M
_91659
942 _cBK
999 _c1250
_d1250